000 00551pab a2200205 454500
008 180718b2011 xxu||||| |||| 00| 0 eng d
100 _aCanes-Wrone, Brandice
245 _aIssue accountability and the mass public
260 _c2011
300 _ap.5-35.
362 _aFeb
650 _aAccountability - United States
650 _aPublic opinion - United States
650 _aPublic opinion
700 _aReveley, Jessica Bonney
700 _aMinozzi, William
773 _aLegislative Studies Quarterly
908 _aN
909 _a92437
999 _c92437
_d92437